| 000 | 00405nam a2200169Ia 4500 | ||
|---|---|---|---|
| 008 | 230524s9999 xx 000 0 und d | ||
| 020 | _a9788127253417 | ||
| 082 |
_a510 _bACH |
||
| 100 | _aB.P.Acharya | ||
| 245 | 2 | _aA Course in Numerical Analysis | |
| 260 |
_aCUTTACK _bKalyani _c2005 |
||
| 300 | _aXI;379 | ||
| 500 | _aQuantity Number: 15 | ||
| 650 | _aMathematics | ||
| 700 | _a R.N.Das | ||
| 942 | _cBK | ||
| 999 |
_c254 _d254 |
||